01855nam a2200241Ia 4500001000600000003000900006008004100015040001300056040001300069041001300082100001900095100002900114245005000143245005000193250001100243260001100254260001300265260004900278300005500327500117200382650002801554650003101582H4455IT-RoPAU130308s9999 xx 000 0 und d aIT-RoPAU cIT-RoPAU aITALIANO aPugliese Luigi gCodice Aut. SPICS: 57459 aNext tv la via italiana al digitale terrestre bNext tv la via Italiana al Digitale Terrestre a1a ed. aMILANO bOlivares c2003 [1° Ed.:2003 - Ed.Ling.Originale:2003] a"98 p. (prefazione: no ; testo: 98 [pagine: 0-0])" a"Prefazione di fedele Confalonieri. Cap.1 convergenza delle Tecnologie, da Miraggio a Realta': mezzi di Comunicazione e Frontiera Digitale; Uniti Ma Distinti, la tv è e Resterà Il mezzo Piu' Coinvolgente; Telefonino Story, Dai Primi Tacs All'Universo Umts; Il Pc un Compagno Insostituibile, Ma Non per Tutti; convergenza Alla prova dei Fatti: gli Insuccessi, I Casi di Successo. Cap.2 Grande Enigma della Televisione Digitale: Eppur si Muove! Storia dell'evoluzione tecnologica della Tv; Alterno successo delle Pay Tv, Tutta colpa degli Operatori?; Approdo al Digitale Terrestre, Infelice Tentativonegli Usa; Valore Aggiunto del Digitale, Multicanalità e Interattivita'; Offerta Mulitchannel, un Modello di Successo; Programmazione Interattiva, un mare di Opportunita'; Servizi Interattivi, tutto Quello che Non Avremmo mai Osato Chiedere; la tv Esce di Casa, I Vantaggi del Digitale Terrestre. Cap.3 Operatori e la Migrazione Verso Il Digitale Terrestre: Aspettative dei Broadcaster, Lo Switch Off Come Punto di Svolta; Operaell'Enunciatore, Laposizione Sul Quadrato. Appendice: la Semiologia del Cinema? bisogna continuare Conversazione con Christian Metz." aSAGGI SULLA TELEVISIONE eCodice materia Spics: 6961